000 01658nam a2200289Ia 4500
999 _c43888
_d43888
001 10637
003 GE_BSU
005 20230120153405.0
008 181216s2009ge xx |||||||||||||| ||geo||
020 _a9789941911743
040 _cGE_BSU
041 _ageo
080 _a005.32+005.7(075.8) რ–71
100 _aრობინსი,სტივენ პ;
_916732
245 _aორგანიზაციული ქცევის საფუძვლები=ESSENTIALS OF ORGANIZATIONAL BEHAVIOR. /
_cსტივენ პ; რობინსი, ჯაჯი,ტიმოთი ა. მთარგმნ.თამარ თურმანიძე; სამეცნ.რედ:შორენა მაღლაკელიძე.
250 _aI–ლი ქართული გამოცემა
264 _aთბილისი :
_bილიას სახელმწ.უნ–ტი,
_c2009.
300 _a416 გვ .:
_b23 სმ.
501 _aინდექსი და ტერმინთა განმარტება:გვ.401–416. შენიშვნ:გვ.363–400.
541 _h20ლ.90თ.
653 _aორგანიზაციული ქცევის საფუძვლები
653 _aორგანიზაციის პრობლემა
700 _aტიმოთი ა. ჯაჯი
_916733
700 _aთურმანიძე, თამარ
_eმთარგმნელი
_96083
700 _a მაღლაკელიძე, შორენა
_eსამეცნიერო რედაქტორი
_916734
942 _cBK
_2udc